MANAGEMENT INFORMATION SYSTEM (Record no. 8826)

MARC details
000 -LEADER
fixed length control field 00517nam a22001697a 4500
003 - CONTROL NUMBER IDENTIFIER
control field SGT
020 ## - INTERNATIONAL STANDARD BOOK NUMBER
International Standard Book Number 9788131787465
082 ## - DEWEY DECIMAL CLASSIFICATION NUMBER
Classification number 658.4,LAU
100 ## - MAIN ENTRY--PERSONAL NAME
Personal name KENNETH C.LAUDON
245 ## - TITLE STATEMENT
Title MANAGEMENT INFORMATION SYSTEM
250 ## - EDITION STATEMENT
Edition statement 12TH
260 ## - PUBLICATION, DISTRIBUTION, ETC. (IMPRINT)
Place of publication, distribution, etc NEW DELHI
Name of publisher, distributor, etc IBH
Year of Publication 2013
300 ## - PAGE DESCRIPTION
No. of Pages 319
650 ## - SUBJECT ADDED ENTRY--TOPICAL TERM
Topical term or geographic name as entry element MANAGEMENT
653 ## - KEYWORDS--INDEX TERM
Keyword term Organizations, Management, and the Networked, Information Technology Infrastructure , Key System Applications for the Digital Age , Building and Managing Systems ,
942 ## - ADDED ENTRY ELEMENTS (KOHA)
Source of classification or shelving scheme Dewey Decimal Classification
Koha item type FCM Books
Holdings
Withdrawn status Lost status Source of classification or shelving scheme Damaged status Not for loan Collection code Home library Current library Shelving location Date acquired Vendor Name Cost, normal purchase price SGTU Bill Number Total Checkouts Full call number Accession No. (Barcode) Date last seen Bill Date Koha item type
    Dewey Decimal Classification     COMMERCE MANAGEMENT SGT Science & Social Sciences Library SGT Science & Social Sciences Library Text Book 30/05/2016 IBH 660.00 SGTU 8777   658.4,LAU CM29 30/05/2016 22/08/2013 FCM Books
    Dewey Decimal Classification     COMMERCE MANAGEMENT SGT Science & Social Sciences Library SGT Science & Social Sciences Library Text Book 30/05/2016 IBH 660.00 SGTU 8777   658.4,LAU CM30 30/05/2016 22/08/2013 FCM Books
    Dewey Decimal Classification     COMMERCE MANAGEMENT SGT Science & Social Sciences Library SGT Science & Social Sciences Library On Display 18/01/2017 INDIAN PUBLISHERS & DISTRIBUTORS 695.00 SGTU 117   658.4,LAU CM3440 18/01/2017 20/12/2016 FCM Books
    Dewey Decimal Classification   Not For Loan COMMERCE MANAGEMENT SGT Science & Social Sciences Library SGT Science & Social Sciences Library Reference Book 18/01/2017 INDIAN PUBLISHERS & DISTRIBUTORS 695.00 SGTU 117   658.4,LAU CM3441 18/01/2017 20/12/2016 FCM Books